| 000 | 00457 a2200157 4500 | ||
|---|---|---|---|
| 020 | _a812420098X | ||
| 040 |
_aDLC _bDLC |
||
| 082 | _a808.066651 | ||
| 100 | _aNauheim, Ferd. | ||
| 245 |
_aHow to write business letters _cFerd Nauheim. |
||
| 260 |
_aNew Delhi : _bCrest Publishing House, _c2000. |
||
| 300 |
_axi, 244 p. ; _c24 cm. |
||
| 500 | _aIncludes Index. | ||
| 650 | _a1.Commercial correspondence. 2.Business writing. | ||
| 942 |
_cBK _k808.066651 NAU _2ddc |
||
| 999 |
_c4883 _d4883 |
||